000 00847nam a22002297a 4500
005 20260423122828.0
008 260423b |||||||| |||| 00| 0 eng d
020 _a8179871568 (pbk)
037 _cTB
040 _aCRL
_cCRL
041 _2hin
_ahin
084 _aO152,3x P5
_qCRL
100 _aनाथ, राकेश
_91235503
245 _aविश्व विख्यात कहानियां
260 _aनई दिल्ली, भारत:
_bविश्व साहित्य,
_c2005.
300 _a200पृ.
365 _b60.00
_cINR
650 _aहिन्दी कहानी
650 _aहिन्दी साहित्य
942 _2CC
_cTB
_hO152,3x P5
_n0
999 _c1848413
_d1848413